Credit Agricole Personal Finance v Murray (Record no. 14296)

MARC details
000 -LEADER
fixed length control field 00876cab a2200241 4500
001 - CONTROL NUMBER
control field X2029
008 - FIXED-LENGTH DATA ELEMENTS--GENERAL INFORMATION
fixed length control field 090401t1995 xxu||||| |||| 00| 0 eng d
035 ## - SYSTEM CONTROL NUMBER
System control number (Sirsi) u21293
041 ## - LANGUAGE CODE
Language code of text/sound track or separate title eng
245 ## - TITLE STATEMENT
Title Credit Agricole Personal Finance v Murray
260 ## - PUBLICATION, DISTRIBUTION, ETC.
Date of publication, distribution, etc. 1995
350 ## - PRICE (NR) (BK AM CF MU VM SE) [OBSOLETE]
Price 0
490 ## - SERIES STATEMENT
Series statement New Property Cases
Volume/sequential designation 1995 NPC 33
490 ## - SERIES STATEMENT
Series statement Estates Gazette
Volume/sequential designation 1995 EGCS 32
520 ## - SUMMARY, ETC.
Summary, etc. QBD 20 February 1995. A valuer is held not be negligent on a valuation of an unusual property the value of hwich had collapsed in the recession. Contributory negligence by the lender also considered. NB NO PHOTOCOPYING ALLOWED.
650 ## - SUBJECT ADDED ENTRY--TOPICAL TERM
Topical term or geographic name entry element CONTRIBUTORY NEGLIGENCE
650 ## - SUBJECT ADDED ENTRY--TOPICAL TERM
Topical term or geographic name entry element MORTGAGE VALUATION
650 ## - SUBJECT ADDED ENTRY--TOPICAL TERM
Topical term or geographic name entry element PROFESSIONAL NEGLIGENCE
650 ## - SUBJECT ADDED ENTRY--TOPICAL TERM
Topical term or geographic name entry element UNUSUAL PROPERTIES
690 ## - LOCAL SUBJECT ADDED ENTRY--TOPICAL TERM (OCLC, RLIN)
Topical term or geographic name as entry element MANAGEMENT-BUSINESS MANAGEMENT-PROFESSIONAL PRACTICE
942 ## - ADDED ENTRY ELEMENTS (KOHA)
Suppress in OPAC 0
948 ## - LOCAL PROCESSING INFORMATION (OCLC); SERIES PART DESIGNATOR (RLIN)
c (OCLC) 04/03/1997
Holdings
Withdrawn status Lost status Source of classification or shelving scheme Damaged status Not for loan Home library Current library Shelving location Date acquired Total Checkouts Full call number Barcode Date last seen Copy number Price effective from Koha item type
    Dewey Decimal Classification     London London Journal article 14/09/1999   X2029 21293-1001 06/08/2019 1 06/08/2019 Law report